| 000 | 00330nam a2200133Ia 4500 | ||
|---|---|---|---|
| 005 | 20251222144647.0 | ||
| 008 | 251222s9999||||xx |||||||||||||| ||spa|| | ||
| 082 | _a309.185.2/O74 | ||
| 100 | _aOrtiz de Zevallos, Luis | ||
| 245 | 0 | _aLima, su Evolución Creadora | |
| 250 | _a1ra.ed. | ||
| 264 | _bWalter Miranda R. | ||
| 942 | _cLIB | ||
| 999 |
_c16922 _d16922 |
||